"Can't Take My Eyes Off Of You" Frankie Valli (Lyrics) - Statistics

General Stats
  • This quiz has been taken 125 times
  • The average score is 224 of 268
Answer Stats
Answer % Correct
Can't
100%
eyes
100%
I
100%
my
100%
of
100%
take
100%
you.
100%
you
100%
you,
100%
to
99%
be
98%
just
98%
love
98%
off
98%
too
98%
You're
98%
good
96%
true.
96%
when
96%
And
93%
and
93%
so
91%
hold
90%
baby.
89%
baby
89%
baby,
89%
like
89%
much.
89%
me
88%
touch.
87%
heaven
85%
if
85%
the
83%
The
83%
wanna
83%
need
82%
alright
80%
alright,
80%
it's
80%
quite
79%
God
74%
I'm
74%
say.
74%
Oh,
73%
that
73%
alive.
72%
thank
72%
let
71%
Let
71%
long
71%
no
71%
Trust
71%
trust
71%
lonely
70%
night.
70%
You'd
70%
last
68%
pretty
68%
has
67%
in
67%
arrived.
66%
At
65%
There
65%
feel
61%
feel,
61%
There's
60%
way
60%
don't
59%
else
59%
are
57%
nothing
57%
compare.
55%
left
55%
real.
55%
sight
55%
weak.
55%
words
54%
know
52%
speak.
52%
stare.
52%
please
51%
down,
50%
now
49%
Pardon
48%
makes
44%
bring
40%
But
40%
pray.
38%
warm
38%
stay
37%
stay.
37%
I've
34%
found
33%
No matching quizzes found
Score Distribution
Percent of People with Each Score
Percentile by Number Answered
Your Score History
You have not taken this quiz